El país de las perlas y cuentos californios /
Zapisane w:
| 1. autor: | |
|---|---|
| Format: | Książka |
| Język: | hiszpański |
| Hasła przedmiotowe: | |
| Etykiety: |
Nie ma etykietki, Dołącz pierwszą etykiete!
|
MARC
| LEADER | 00000nam^a2200000^a^4500 | ||
|---|---|---|---|
| 001 | 000153911 | ||
| 005 | 20250526000000.0 | ||
| 009 | 20260310100336.695 | ||
| 037 | |a Acervo ITESO - Biblioteca | ||
| 041 | |a ESP | ||
| 082 | |a 863. |b BAR | ||
| 100 | |a Barrios de los Ríos, José María |e (autor) | ||
| 245 | 1 | 3 | |a El país de las perlas y cuentos californios / |c J.M. Barrios de los Ríos. |
| 264 | |a Sombrerete, México : |b Biblioteca Estarsiana, |c 1908 | ||
| 300 | |a 190 p. ; |c 15.5 cm. | ||
| 649 | |a XX | ||
| 650 | |a Cuentos Mexicanos | ||
| 650 | |a Literatura Mexicana - |y Siglo XX | ||
| 910 | |a Fondo Salvador Reynoso Reynoso | ||
| 920 | |a Impresos - Libros | ||
| 930 | |a Libros Antiguos y Raros | ||
| 940 | |a Literatura | ||
| 905 | |a 108 | ||
| 901 | |a 0800016124 |b IT2 |c LRA |u 20250526 | ||
| 902 | |a https://opac.biblio.iteso.mx/vufind/Record/000153911 | ||